[Event "HUN-chT2 Erkel 1819"]
[Site "Hungary"]
[Date "2019.03.31"]
[Round "8.12"]
[White "Bartok, David Dominik"]
[Black "Geher, Laszlo"]
[Result "1/2-1/2"]
[WhiteElo "1728"]
[BlackElo "1843"]
[PlyCount "44"]
[EventDate "2018.10.28"]
[EventType "team-tourn"]
[EventRounds "9"]
[EventCountry "HUN"]
[SourceTitle "EXT 2021"]
[Source "ChessBase"]
[SourceDate "2020.10.23"]
[SourceVersion "1"]
[SourceVersionDate "2020.10.23"]
[SourceQuality "1"]
[WhiteTeam "Gyongyos Energia"]
[BlackTeam "Budapest MTK II"]
[WhiteTeamCountry "HUN"]
[BlackTeamCountry "HUN"]

1. e4 d6 2. d4 Nf6 3. Nc3 g6 4. Nf3 Bg7 5. h3 0-0 6. Be3 c6 7. Bc4 Nxe4 8. Nxe4 d5 9. Bd3 dxe4 10. Bxe4 Nd7 11. 0-0 e5 12. dxe5 Nxe5 13. Nxe5 Bxe5 14. Qxd8 Rxd8 15. c3 Be6 16. Rfd1 f5 17. Bf3 Bf6 18. Rxd8+ Rxd8 19. Rd1 Rxd1+ 20. Bxd1 Bxa2 21. Bxa7 Kf7 22. Kf1 Bd5 1/2-1/2

[Event "HUN-chT2 Erkel 1718"]
[Site "Hungary"]
[Date "2018.02.18"]
[Round "8.11"]
[White "Bartok, David Dominik"]
[Black "Bilku, Andras"]
[Result "1/2-1/2"]
[WhiteElo "1679"]
[BlackElo "1623"]
[PlyCount "107"]
[EventDate "2017.09.24"]
[EventType "team-tourn"]
[EventRounds "11"]
[EventCountry "HUN"]
[SourceTitle "EXT 2021"]
[Source "ChessBase"]
[SourceDate "2020.10.23"]
[SourceVersion "1"]
[SourceVersionDate "2020.10.23"]
[SourceQuality "1"]
[WhiteTeam "Andornaktalya"]
[BlackTeam "Pestszentlorinc"]
[WhiteTeamCountry "HUN"]
[BlackTeamCountry "HUN"]

1. e4 c6 2. d4 d5 3. exd5 cxd5 4. Bd3 Nc6 5. c3 Qc7 6. Ne2 e6 7. Bf4 Bd6 8. Bg3 Nge7 9. Nd2 f6 10. Qc2 g6 11. Nf3 e5 12. dxe5 fxe5 13. Bb5 a6 14. Ba4 Be6 15. 0-0 0-0 16. Rfe1 Bf5 17. Qd2 e4 18. Nfd4 Bd7 19. Bb3 Nxd4 20. Nxd4 Bxg3 21. hxg3 Kg7 22. Qg5 Qd6 23. Rad1 h6 24. Qd2 Bg4 25. Rc1 Rad8 26. Bd1 Bxd1 27. Rcxd1 Nc6 28. Nxc6 Qxc6 29. Qd4+ Qf6 30. Kf1 g5 31. Ke2 Kg6 32. Qxf6+ Kxf6 33. Ke3 Ke6 34. Rd4 Ke5 35. c4 dxc4 36. Rxe4+ Kf5 37. g4+ Kg6 38. f3 Rfe8 39. Kf2 Rd2+ 40. R4e2 Rdxe2+ 41. Rxe2 Rxe2+ 42. Kxe2 Kf6 43. Ke3 Ke5 44. g3 b5 45. f4+ Kd5 46. a3 a5 47. f5 Ke5 48. Kd2 b4 49. axb4 axb4 50. Ke3 h5 51. gxh5 Kxf5 52. g4+ Ke5 53. Kd2 Kf6 54. Ke3 1/2-1/2

[Event "HUN-ch U12"]
[Site "Balatonlelle"]
[Date "2015.06.24"]
[Round "9"]
[White "Bartok, David Dominik"]
[Black "Ronai, Akos Balazs"]
[Result "0-1"]
[WhiteElo "1560"]
[BlackElo "1607"]
[PlyCount "100"]
[EventDate "2015.06.18"]
[EventType "swiss"]
[EventRounds "9"]
[EventCountry "HUN"]
[SourceTitle "CBM 167 Extra"]
[Source "ChessBase"]
[SourceDate "2015.09.14"]
[SourceVersion "1"]
[SourceVersionDate "2015.09.14"]
[SourceQuality "1"]

1. e4 c5 2. c3 d5 3. exd5 Qxd5 4. d4 Nc6 5. Be3 cxd4 6. cxd4 Nf6 7. Nc3 Qd6 8. Nf3 e6 9. a3 Be7 10. Bc4 0-0 11. 0-0 b6 12. Qe2 Bb7 13. Rfd1 Na5 14. Ba2 Nd5 15. Nxd5 Bxd5 16. Bxd5 Qxd5 17. Rac1 Rac8 18. Qa6 Nc4 19. Re1 Qa5 20. Qxa5 Nxa5 21. d5 Bf6 22. b4 Nc4 23. dxe6 fxe6 24. a4 Nxe3 25. Rxc8 Rxc8 26. fxe3 Rc4 27. Rb1 Kf7 28. Rd1 Ke7 29. Nd4 Bxd4 30. Rxd4 Rxd4 31. exd4 Kd6 32. Kf2 Kd5 33. Ke3 Kc4 34. Ke4 Kxb4 35. Ke5 Kc4 36. Kxe6 Kxd4 37. Kf7 a6 38. Kxg7 b5 39. axb5 axb5 40. Kxh7 b4 41. g4 b3 42. g5 b2 43. h4 b1Q+ 44. g6 Qh1 45. g7 Qxh4+ 46. Kg6 Qg4+ 47. Kf7 Qf5+ 48. Ke7 Qg6 49. Kf8 Qf6+ 50. Kg8 Ke5 0-1

[Event "HUN-ch U12"]
[Site "Balatonlelle"]
[Date "2015.06.20"]
[Round "3"]
[White "Lakatos, Tamas"]
[Black "Bartok, David Dominik"]
[Result "0-1"]
[WhiteElo "1559"]
[BlackElo "1560"]
[PlyCount "104"]
[EventDate "2015.06.18"]
[EventType "swiss"]
[EventRounds "9"]
[EventCountry "HUN"]
[SourceTitle "CBM 167 Extra"]
[Source "ChessBase"]
[SourceDate "2015.09.14"]
[SourceVersion "1"]
[SourceVersionDate "2015.09.14"]
[SourceQuality "1"]

1. e4 c6 2. d4 d5 3. exd5 cxd5 4. Nc3 Nf6 5. Be2 Bf5 6. Nf3 e6 7. Bf4 Bb4 8. Bd2 Nc6 9. Bb5 0-0 10. Bxc6 bxc6 11. a3 Bd6 12. Bg5 h6 13. Bxf6 Qxf6 14. h3 Rab8 15. b4 Qe7 16. 0-0 f6 17. Nb1 Qc7 18. c3 e5 19. Re1 e4 20. Nfd2 Bc8 21. Nf1 Ba6 22. Nbd2 f5 23. Rc1 Bf4 24. Ra1 Bd3 25. Nb3 Bd6 26. a4 Bxf1 27. Rxf1 f4 28. Nc5 Bxc5 29. dxc5 f3 30. g3 e3 31. Qd4 e2 32. Rfe1 Qd7 33. Kh2 Rbe8 34. b5 Re4 35. Qd3 Rc4 36. Qe3 Qe8 37. Qxe8 Rxe8 38. b6 Rxc5 39. b7 Rxc3 40. Rab1 Rb8 41. g4 Kf7 42. Kg3 g5 43. a5 Ke6 44. a6 Kd6 45. h4 d4 46. Rec1 Rxc1 47. Rxc1 Rf8 48. hxg5 hxg5 49. Rb1 Kc7 50. Rc1 Kb8 51. Rxc6 e1Q 52. Rc8+ Rxc8 0-1

[Event "Budapest Karacsonyi op 6th"]
[Site "Budapest"]
[Date "2014.12.29"]
[Round "4"]
[White "Reszler, J Robert"]
[Black "Bartok, David Dominik"]
[Result "1/2-1/2"]
[WhiteElo "2024"]
[BlackElo "1509"]
[PlyCount "111"]
[EventDate "2014.12.27"]
[EventType "swiss"]
[EventRounds "7"]
[EventCountry "HUN"]
[SourceTitle "EXT 2020"]
[Source "ChessBase"]
[SourceDate "2019.10.17"]
[SourceVersion "1"]
[SourceVersionDate "2019.10.17"]
[SourceQuality "1"]

1. e4 d5 2. exd5 Qxd5 3. Nc3 Qa5 4. Nf3 c6 5. d4 Bg4 6. h3 Bxf3 7. Qxf3 e6 8. Bd2 Qb6 9. Qe3 Nf6 10. Rb1 Bd6 11. Bd3 Nbd7 12. 0-0 0-0 13. Ne4 Nxe4 14. Qxe4 Nf6 15. Qh4 h6 16. Bxh6 Qd8 17. Bg5 Re8 18. Rfe1 Be7 19. Re3 g6 20. Rg3 Nh7 21. Bxe7 Qxe7 22. Qf4 e5 23. dxe5 Qxe5 24. Qc4 Kg7 25. Re3 Qf6 26. Rf3 Qe6 27. Qc3+ Qe5 28. Qb3 Qc7 29. Qc3+ Qe5 30. Qc4 Qe6 31. Rd1 Rad8 32. Qc3+ Qe5 33. Qb3 Qc7 34. Rg3 Nf6 35. a3 c5 36. Rf1 Rd4 37. Bc4 Ne4 38. Rd3 Red8 39. Rfd1 Qf4 40. f3 Ng3 41. Rxd4 Rxd4 42. Qc3 f6 43. Rxd4 cxd4 44. Qe1 Qe3+ 45. Qf2 g5 46. Bd3 f5 47. b3 f4 48. a4 Kf6 49. Bc4 Ke5 50. Bd3 Kd6 51. Bc4 Kc5 52. Bd3 a6 53. Qxe3 dxe3 54. c3 a5 55. Bc4 b6 56. Bd3 1/2-1/2

[Event "Budapest Karacsonyi op 6th"]
[Site "Budapest"]
[Date "2014.12.28"]
[Round "3"]
[White "Bartok, David Dominik"]
[Black "Csalami, Gabor"]
[Result "0-1"]
[WhiteElo "1509"]
[BlackElo "1932"]
[PlyCount "102"]
[EventDate "2014.12.27"]
[EventType "swiss"]
[EventRounds "7"]
[EventCountry "HUN"]
[SourceTitle "EXT 2020"]
[Source "ChessBase"]
[SourceDate "2019.10.17"]
[SourceVersion "1"]
[SourceVersionDate "2019.10.17"]
[SourceQuality "1"]

1. e4 c5 2. c3 e6 3. d4 d5 4. e5 Nc6 5. Nf3 Bd7 6. Bd3 Qb6 7. Bc2 cxd4 8. cxd4 Nb4 9. 0-0 Nxc2 10. Qxc2 Bb5 11. Rd1 Ne7 12. Nc3 Ba6 13. Bf4 Nc6 14. Na4 Qd8 15. Nc5 Bxc5 16. Qxc5 Be2 17. Bg5 Qc7 18. Rdc1 Bxf3 19. gxf3 h6 20. Be3 Qe7 21. Qb5 0-0 22. Kh1 f5 23. Bf4 g5 24. Bd2 Nxd4 25. Qa4 Nxf3 26. Bb4 Qf7 27. Bxf8 Qh5 28. Kg2 Rxf8 29. Rc3 g4 30. Qf4 Qh3+ 31. Kh1 d4 32. Rd3 Qh5 33. Rc1 Rf7 34. a3 Rg7 35. Qg3 Qg5 36. Rcd1 f4 37. Qg2 Qxe5 38. Qf1 Qh5 39. Qg2 e5 40. Rb3 e4 41. Rc1 Qd5 42. Rb4 Nh4 43. Qf1 e3+ 44. f3 gxf3 45. Qc4 Qxc4 46. Rbxc4 f2 47. Rxd4 Nf3 48. Rdd1 e2 49. Rf1 exf1Q+ 50. Rxf1 Rg1+ 51. Rxg1+ fxg1Q# 0-1

[Event "Budapest Karacsonyi op 6th"]
[Site "Budapest"]
[Date "2014.12.28"]
[Round "2"]
[White "Molnar, Laszlo4"]
[Black "Bartok, David Dominik"]
[Result "1-0"]
[WhiteElo "2070"]
[BlackElo "1509"]
[PlyCount "131"]
[EventDate "2014.12.27"]
[EventType "swiss"]
[EventRounds "7"]
[EventCountry "HUN"]
[SourceTitle "EXT 2020"]
[Source "ChessBase"]
[SourceDate "2019.10.17"]
[SourceVersion "1"]
[SourceVersionDate "2019.10.17"]
[SourceQuality "1"]

1. e4 d5 2. exd5 Qxd5 3. Nc3 Qa5 4. d4 Bf5 5. Nf3 e6 6. Bd2 c6 7. Bc4 Nf6 8. Qe2 Be7 9. 0-0-0 Nbd7 10. d5 cxd5 11. Nxd5 Qd8 12. Nxe7 Qxe7 13. Bg5 0-0 14. Nd4 Bg6 15. h4 h6 16. h5 Bh7 17. Bh4 Rfe8 18. g4 e5 19. Nf5 Bxf5 20. gxf5 Nb6 21. Bb3 Rad8 22. Rdg1 Nbd5 23. Rg3 Nf4 24. Qf3 N4xh5 25. Bxf6 Nxf6 26. Rxh6 Qd6 27. Rh1 Qd2+ 28. Kb1 e4 29. Qe3 Qd1+ 30. Rxd1 Rxd1+ 31. Qc1 Rxc1+ 32. Kxc1 Nh5 33. Rg5 Nf4 34. Kd2 Nh3 35. Rg2 Nxf2 36. f6 e3+ 37. Ke2 g6 38. Rxg6+ Kh7 39. Rg7+ Kh6 40. Bxf7 Rf8 41. Kxe3 Ng4+ 42. Rxg4 Rxf7 43. Rf4 Kg5 44. Ke4 Rxf6 45. Rxf6 Kxf6 46. Kd5 Ke7 47. c4 Kd7 48. b4 b6 49. b5 Kd8 50. Kd6 Kc8 51. Kc6 Kb8 52. Kd7 Kb7 53. a3 Kb8 54. a4 Kb7 55. a5 bxa5 56. c5 a4 57. c6+ Kb6 58. c7 Kxb5 59. c8Q Kb4 60. Qc1 Kb3 61. Qa1 a5 62. Kc6 a3 63. Kb5 a4 64. Qb1+ Kc3 65. Kxa4 a2 66. Qxa2 1-0

[Event "Budapest op 4th"]
[Site "Budapest"]
[Date "2014.08.23"]
[Round "8"]
[White "Bartok, David Dominik"]
[Black "Liptak, Tibor"]
[Result "0-1"]
[WhiteElo "1492"]
[BlackElo "1827"]
[PlyCount "46"]
[EventDate "2014.08.16"]
[EventType "swiss"]
[EventRounds "9"]
[EventCountry "HUN"]
[SourceTitle "CBM 161 Extra"]
[Source "ChessBase"]
[SourceDate "2014.08.29"]
[SourceVersion "1"]
[SourceVersionDate "2014.08.29"]
[SourceQuality "1"]

1. e4 e5 2. Nf3 Nc6 3. Bb5 Nd4 4. Nxd4 exd4 5. 0-0 c6 6. Bc4 Nf6 7. e5 d5 8. exf6 dxc4 9. fxg7 Bxg7 10. Re1+ Be6 11. d3 0-0 12. dxc4 Bxc4 13. Bf4 Qd7 14. Be5 Bxe5 15. Rxe5 f6 16. Re4 Rad8 17. Na3 Be6 18. Qe2 Rfe8 19. Rd1 Bf5 20. Rdxd4 Rxe4 21. Rxd7 Rxd7 22. Qf1 Red4 23. Nc4 Rd1 0-1

[Event "Budapest op 4th"]
[Site "Budapest"]
[Date "2014.08.22"]
[Round "7"]
[White "Szlenka, Attila"]
[Black "Bartok, David Dominik"]
[Result "1/2-1/2"]
[WhiteElo "1775"]
[BlackElo "1492"]
[PlyCount "58"]
[EventDate "2014.08.16"]
[EventType "swiss"]
[EventRounds "9"]
[EventCountry "HUN"]
[SourceTitle "CBM 161 Extra"]
[Source "ChessBase"]
[SourceDate "2014.08.29"]
[SourceVersion "1"]
[SourceVersionDate "2014.08.29"]
[SourceQuality "1"]

1. c4 e6 2. Nc3 d5 3. d4 Nf6 4. Nf3 Be7 5. Bf4 c6 6. e3 Nbd7 7. Be2 dxc4 8. Bxc4 Nd5 9. Bxd5 exd5 10. 0-0 0-0 11. Qc2 h6 12. Rad1 Nf6 13. Ne5 Ng4 14. h3 Nxe5 15. Bxe5 Bd6 16. Bxd6 Qxd6 17. e4 Qg6 18. Kh2 dxe4 19. Qxe4 Qxe4 20. Nxe4 Be6 21. b3 Bd5 22. Nd6 Rab8 23. Rfe1 g6 24. Re7 b5 25. Rde1 a5 26. Ra7 Ra8 27. Rxa8 Rxa8 28. Ne4 Bxe4 29. Rxe4 a4 1/2-1/2

[Event "Budapest op 4th"]
[Site "Budapest"]
[Date "2014.08.16"]
[Round "1"]
[White "Bartok, David Dominik"]
[Black "Heyl, Thomas"]
[Result "1/2-1/2"]
[WhiteElo "1492"]
[BlackElo "2001"]
[PlyCount "113"]
[EventDate "2014.08.16"]
[EventType "swiss"]
[EventRounds "9"]
[EventCountry "HUN"]
[SourceTitle "CBM 161 Extra"]
[Source "ChessBase"]
[SourceDate "2014.08.29"]
[SourceVersion "1"]
[SourceVersionDate "2014.08.29"]
[SourceQuality "1"]

1. e4 c5 2. c3 d5 3. exd5 Qxd5 4. d4 e6 5. Nf3 Nf6 6. Bd3 Be7 7. 0-0 0-0 8. Be3 cxd4 9. cxd4 Nc6 10. Nc3 Qd6 11. a3 a6 12. Qe2 Rd8 13. Rad1 b5 14. Ne4 Qb8 15. Nxf6+ Bxf6 16. Bxh7+ Kxh7 17. Qc2+ Kg8 18. Qxc6 Bb7 19. Qb6 Bxf3 20. Qxb8 Raxb8 21. gxf3 Rbc8 22. Rd2 Rd5 23. f4 g6 24. Kg2 Kg7 25. Kg3 Ra8 26. Rh1 Rc8 27. Kf3 Rc4 28. Rhd1 Bd8 29. Re2 Bb6 30. Red2 Ba5 31. Re2 Kf6 32. Kg4 Ke7 33. f3 Kd6 34. Bg1 Bb6 35. Re5 Rc2 36. b4 Ra2 37. Kg5 Bd8+ 38. Kh6 Bf6 39. Rxd5+ Kxd5 40. Kh7 Rxa3 41. Rc1 Rxf3 42. Rc7 Rxf4 43. Rxf7 g5 44. Be3 Rh4+ 45. Kg6 Bxd4 46. Kxg5 Re4 47. Bxd4 Kxd4 48. h4 Kc3 49. h5 Re5+ 50. Kg6 Rxh5 51. Kxh5 Kxb4 52. Kg5 a5 53. Kf6 a4 54. Kxe6 a3 55. Kd5 a2 56. Ra7 Kb3 57. Rxa2 1/2-1/2